A boire ! (2) Le thé - Statistiques

Statistiques générales
  • Ce quiz a été pris 212 fois
  • Le résultat moyen est 9 sur 20
Statistiques - réponses
Indice Réponse % Correct
Premier pays producteur en Asie Chine
98%
Ingrédient qu'on ajoute souvent au thé, en Angleterre sous forme de nuage Lait
81%
Quel est le rang du thé parmi les boissons les plus bues au monde ? Deuxième
80%
Alcaloïde qui donne son caractère "excitant" au thé Théine
80%
Vieux proverbe nord-africain : "le premier verre de thé est doux comme la vie, le second est fort comme l’amour et le troisième amer comme la ..." Mort
72%
Plante utilisée pour parfumer le thé en Afrique du Nord Menthe
63%
Fleur utilisée pour parfumer le thé en Asie Jasmin
53%
Pâtisserie délicieuse et incontournable accompagnant le thé anglais Scones
42%
Premier pays producteur en Afrique Kénya
37%
Thé qu'on consomme en Argentine, à la paille et dans une calebasse Maté
37%
"Thé" rouge qu'on consomme en Afrique du Sud Rooibos
36%
Parfum du thé "Earl grey" traditionnellement consommé outre-manche Bergamote
35%
Mouvement politique étasunien qui milite davantage contre les impôts que pour la pause de l'après-midi ! Tea Party
34%
Nom du récipient pour faire du thé en Russie Samovar
32%
Ville du Bengale ayant donné son nom à un thé très réputé Darjeeling
26%
Tea time Five o'clock
26%
Pays qui consomme le plus de thé par habitant (7,5 kg/an/habitant) Turquie
13%
Nom latin (genre) - C'est aussi le nom d'un arbre ornemental bien connu Camelia
7%
Ingrédient qu'on ajoute au thé au Tibet, avec du sel Beurre de yack
5%
Virelangue classique qui met en exergue de pseudos qualités médicinales du thé Ton thé t'a-t-il ôté ta toux ?
4%
Aucun quiz correspondant
Distribution des résultats
% des personnes avec chaque résultat
Percentile par nombre de réponses
Votre historique - résultats
Vous n’avez pas pris ce quiz